Tableau des données numériques (Record no. 189616)
[ view plain ]
| 000 -LEADER | |
|---|---|
| campo de control de longitud fija | 01024nam a2200205 i 4500 |
| 001 - NÚMERO DE CONTROL | |
| campo de control | 189616 |
| 003 - IDENTIFICADOR DE NÚMERO DE CONTROL | |
| campo de control | ES-MaACL |
| 005 - FECHA Y HORA DE LA ÚLTIMA TRANSACCIÓN | |
| campo de control | 20250626063223.0 |
| 008 - DATOS DE LONGITUD FIJA--INFORMACIÓN GENERAL | |
| campo de control de longitud fija | 190703s1863 fr |||| | fre d |
| 100 1# - ENTRADA PRINCIPAL--NOMBRE DE PERSONA | |
| Nombre de persona | Élie de Beaumont, Léonce, |
| Fechas asociadas al nombre | 1798-1874 |
| 9 (RLIN) | 46988 |
| 245 10 - MENCIÓN DEL TÍTULO | |
| Título | Tableau des données numériques |
| Resto del título | : qui fixent 159 cercles du réseau pentagonal / |
| Mención de responsabilidad, etc. | par M. L. Élie de Beaumont. |
| 260 ## - PUBLICACIÓN, DISTRIBUCIÓN, ETC. | |
| Lugar de publicación, distribución, etc. | Paris : |
| Nombre del editor, distribuidor, etc. | Mallet-Bachelier, Imp.-Lib., |
| Fecha de publicación, distribución, etc. | 1863. |
| 300 ## - DESCRIPCIÓN FÍSICA | |
| Extensión | 12 p. ; |
| Dimensiones | 27 cm. |
| 594 ## - Nota al título y mención de responsabilidad | |
| Nota al título y mención de responsabilidad | Precede al tít.: Institut Impérial de France, Académie des Sciences. |
| 595 ## - | |
| -- | Extrait des "Comptes rendus des séances de l'Académie des Sciences", t. LVII, séance du 20 juillet 1863. |
| 650 #4 - PUNTO DE ACCESO ADICIONAL DE MATERIA--TÉRMINO DE MATERIA | |
| Término de materia o nombre geográfico como elemento de entrada | Proyección cartográfica. |
| 9 (RLIN) | 154258 |
| 710 2# - ENTRADA AGREGADA--NOMBRE DE ENTIDAD CORPORATIVA | |
| Nombre de entidad corporativa o nombre de jurisdicción como elemento de entrada | Académie des sciences (Francia) |
| 9 (RLIN) | 1231 |
| 852 ## - LOCALIZACIÓN | |
| Ubicación | ES-MaACL |
| Número de control de estantería | L-32451(2) |
| Nota libre | - Enc. cart. |
| -- | . - Legado Federico de Botella y de Hornos |
| -- | - Enc. en un vol. facticio, con tít. en el lomo de: Rapport sur les progrés de la stratigraphie |
| Estatus retirado | Estado de pérdida | Estado de daño | No para préstamo | Colección | Biblioteca de origen | Biblioteca actual | Ubicación en estantería | Fecha de adquisición | Fuente de adquisición | Total de préstamos | Signatura topográfica completa | Código de barras | Visto por última vez | Precio de reemplazo | Tipo de ítem Koha |
|---|---|---|---|---|---|---|---|---|---|---|---|---|---|---|---|
| Libros del s. XIX | Biblioteca del Ateneo de Madrid | Biblioteca del Ateneo de Madrid | Depósito 2 | 03/07/2019 | L-32451(2) | 1200973 | 23/02/2023 | 23/02/2023 | Libro impreso antiguo |
